Desigualdades y vulnerabilidades en la condición juvenil: el desafío de la inclusión social /
Đã lưu trong:
| Tác giả chính: | |
|---|---|
| Định dạng: | Sách |
| Ngôn ngữ: | Spanish |
| Các nhãn: |
Thêm thẻ
Không có thẻ, Là người đầu tiên thẻ bản ghi này!
|
MARC
| LEADER | 00000nam a22000007a 4500 | ||
|---|---|---|---|
| 003 | cru CIDCACS/IIS | ||
| 005 | 20170817114605.0 | ||
| 007 | ta | ||
| 008 | 170817s2015 mx |||||r|||| 00| 0 spa d | ||
| 999 | |c 40290 |d 40290 | ||
| 040 | |c cru CIDCACS/IIS | ||
| 100 | 1 | |9 5235 |a Capriati, Alejandro José | |
| 245 | 1 | |a Desigualdades y vulnerabilidades en la condición juvenil: |b el desafío de la inclusión social / |c Alejandro José Capriati | |
| 300 | |a páginas 131-150: | ||
| 773 | 0 | |0 40285 |9 1106 |a Universidad Autónoma del Estado de México. |d México: Universidad Autónoma del Estado de México, 1993- |o 18285 |t Convergencia: |x 14051435 | |
| 942 | |2 ddc |c PP | ||
